000 00353nam a2200145Ia 4500
008 151213s9999 xx 000 0 und d
100 _aFaruk Abdullah
245 _aThree Girls
_cFaruk Abdullah
260 _aDhaka
_bThe Davils Workshop
_c2006
300 _a6514 p.
650 _aEnglish
650 _aNovel
700 _aFaruk Abdullah
999 _c3603
_d3603